[Event "4th It"]
[Site "Sao Jose de Rio Preto BRA"]
[Date "2005.02.16"]
[Round "3"]
[White "Valiente,C"]
[Black "Disconzi da Silva,R"]
[Result "1-0"]
[WhiteElo "2321"]
[BlackElo "2386"]

1.Nf3 d5 2.g3 c6 3.Bg2 Bg4 4.d3 Nd7 5.h3 Bh5 6.O-O e6 7.Nbd2 Bd6 8.e4 Ne7
9.Qe2 O-O 10.b3 Qc7 11.Bb2 f6 12.Rac1 Rae8 13.c4 Qb8 14.d4 b5 15.Rc2 a6 16.Rfc1 Kh8
17.Qf1 Bg6 18.Nh4 Bh5 19.Qe1 g5 20.Nhf3 Bg6 21.cxd5 cxd5 22.e5 Bb4 23.Rc7 Rd8
24.exf6 Rxf6 25.Ne5 Nf8 26.Qe3 Bd6 27.R7c6 Qb7 28.R6c5 h6 29.Nc6 Nxc6 30.Rxc6 Bb8
31.h4 gxh4 32.Qxh6+ Nh7 33.Qxh4 Rdf8 34.f4 Be8 35.Rc8 Bd6 36.Nf3 Kg8 37.Ne5 Kh8
38.Bf3 Rg8 39.Kf2 Qg7 40.Rh1 b4 41.Bc1 Bxe5 42.dxe5 Rg6 43.Rh3 Qb7 44.Be3 R6g7
45.Qf6 Qe7 46.Bc5 Qxf6 47.exf6 Rb7 48.f7 Rxf7 49.Bd4+ Rfg7 50.Rc7 Bb5 51.g4  1-0

[Event "21st Open"]
[Site "Cappelle la Grande FRA"]
[Date "2005.02.17"]
[Round "7"]
[White "Burmakin,V"]
[Black "Gonzalez Garcia,J"]
[Result "1-0"]
[WhiteElo "2554"]
[BlackElo "2470"]

1.Nf3 d5 2.g3 Bg4 3.Bg2 Nd7 4.d4 e6 5.O-O c6 6.Nbd2 Ngf6 7.Re1 Be7 8.e4 O-O
9.c3 Bh5 10.Qb3 Qb6 11.exd5 cxd5 12.Ne5 Nxe5 13.Qxb6 axb6 14.dxe5 Nd7 15.c4 Nc5
16.cxd5 exd5 17.a3 Rac8 18.Bf1 Rfd8 19.b4 Ne6 20.Nb3 d4 21.f4 Rc3 22.Nd2 Nxf4
23.gxf4 Bh4 24.Re4 Rdc8 25.f5 Bg5 26.Nb3 Bxc1 27.Rxc1 Rxc1 28.Nxc1 Rxc1 29.Rxd4 Kf8
30.f6 gxf6 31.exf6 Re1 32.Kf2 Re6 33.Rd8+ Re8 34.Rd5 Bg4 35.Bb5 Ra8 36.Bd7 Bxd7
37.Rxd7  1-0

[Event "XI Open"]
[Site "Coria del Rio BRA"]
[Date "2005.02.17"]
[Round "8"]
[White "Campora,D"]
[Black "Korneev,O"]
[Result "1-0"]
[WhiteElo "2529"]
[BlackElo "2602"]

1.Nf3 d5 2.g3 c6 3.Bg2 Bg4 4.O-O Nd7 5.d3 Ngf6 6.c4 dxc4 7.dxc4 e5 8.Nc3 Bc5
9.Qc2 Qe7 10.Na4 Bd6 11.h3 Bh5 12.Nh4 Bg6 13.Nxg6 hxg6 14.Bg5 Nc5 15.Nxc5 Bxc5
16.a3 Qe6 17.b4 Nh7 18.Bd2 Be7 19.Rad1 Ng5 20.Bxg5 Bxg5 21.e4 Rd8 22.Rxd8+ Bxd8
23.Rd1 O-O 24.c5 Bc7 25.Bf1 Rd8 26.Kg2 Rxd1 27.Qxd1 b6 28.Qa4 a5 29.bxa5 bxa5
30.Qc4 Qf6 31.Qa6 Bb8 32.Qxa5 Qe7 33.Qb6 Ba7 34.Qxc6 Bxc5 35.a4 g5 36.Bc4 Bd4
37.a5 Kh7 38.a6 Ba7 39.Qb7 Qxb7 40.axb7 Kg8 41.Kf3 Kf8 42.Kg4 f6 43.Kf5 Ke7
44.Kg6 Kf8 45.h4 gxh4 46.gxh4 Bb8 47.h5 Bc7 48.Bf7 Bb8 49.h6 gxh6 50.Kxf6 Bc7
51.Bg6 Bb8 52.Bh5 Bc7 53.Ke6 Kg7 54.Kd7 Bb8 55.Kc8 Bd6 56.b8=Q Bxb8 57.Kxb8 Kf6
58.Kc7 Kg5 59.Bf3 Kf4 60.Bg2 h5 61.Kd6 h4 62.Kd5  1-0

[Event "21st Open"]
[Site "Cappelle la Grande FRA"]
[Date "2005.02.18"]
[Round "8"]
[White "Petran,Pe"]
[Black "Kuczynski,R"]
[Result "1/2-1/2"]
[WhiteElo "2326"]
[BlackElo "2475"]

1.g3 d5 2.Nf3 c6 3.Bg2 Bg4 4.d3 Nd7 5.Nbd2 Ngf6 6.h3 Bh5 7.O-O e5 8.e4 dxe4
9.dxe4 Be7 10.b3 O-O 11.Bb2  1/2-1/2

[Event "III Festival Olimpico"]
[Site "Salinas ECU"]
[Date "2005.02.18"]
[Round "2"]
[White "Arencibia,W"]
[Black "Ricaurte Lopez,J"]
[Result "1-0"]
[WhiteElo "2528"]
[BlackElo "2333"]

1.Nf3 d5 2.g3 c5 3.Bg2 Nc6 4.O-O Nf6 5.c4 e6 6.cxd5 exd5 7.d4 Be7 8.Nc3 O-O
9.Bg5 cxd4 10.Nxd4 h6 11.Be3 Re8 12.Qa4 Bd7 13.Rad1 Nb4 14.Qb3 a5 15.a4 Bf8
16.Ndb5 Be6 17.Bd4 Rc8 18.Rd2 Rc4 19.Qd1 g6 20.b3 Rc6 21.Bxf6 Qxf6 22.Nxd5 Nxd5
23.Bxd5 Bxd5 24.Rxd5 Qe6 25.e3 Rc1 26.Qxc1 Qxd5 27.Nc7  1-0

[Event "76th ch-GER"]
[Site "Altenkirchen GER"]
[Date "2005.02.19"]
[Round "2"]
[White "Schulz,Kar"]
[Black "Handke,F"]
[Result "0-1"]
[WhiteElo "2310"]
[BlackElo "2488"]

1.Nf3 d5 2.g3 Nc6 3.d4 Bf5 4.Bg2 Nb4 5.Na3 e6 6.O-O Nf6 7.Ne5 Be7 8.c3 Na6
9.f3 h6 10.e4 Bh7 11.Qe2 O-O 12.b4 dxe4 13.b5 Nb8 14.fxe4 a6 15.bxa6 Rxa6
16.Nac4 b5 17.Nd2 b4 18.Bb2 bxc3 19.Bxc3 Bb4 20.Qc4 Bxc3 21.Qxc3 Ra4 22.d5 exd5
23.exd5 Nxd5 24.Qb3 Rd4 25.Rad1 Nf6 26.Ndf3 Rxd1 27.Rxd1 Qe7 28.Qc4 Be4 29.Re1 Bd5
30.Qc2 Qd6 31.Rc1 Na6 32.Kh1 Re8 33.Nc4 Qc5 34.Nce5 Qb6 35.a3 Qd6 36.Nc4 Qc5
37.h3 Re6 38.Kh2 Rc6 39.Nfe5 Re6 40.Bxd5 Nxd5 41.Qd2 c6 42.Na5 Qxa3 43.Naxc6 Nac7
44.Rb1 Nf6 45.Rb8+ Nce8 46.Qb2 Qe3 47.Rb3 Qe1 48.Rf3 Nd6 49.Qd4 Nde4 50.Qd3 Qa1
51.Qa3 Qd1 52.Qd3 Qa4 53.Qb3 Qa6 54.Re3 Qf1 55.Qa2 Nf2 56.Qa8+ Kh7 57.g4 N2xg4+
58.hxg4 Qf2+  0-1

[Event "Extraliga CZE 2004-5"]
[Site "Czech Rep CZE"]
[Date "2005.02.19"]
[Round "6"]
[White "Navara,D"]
[Black "Manik,M"]
[Result "1-0"]
[WhiteElo "2644"]
[BlackElo "2512"]

1.Nf3 d5 2.g3 c6 3.Bg2 Nf6 4.O-O Bf5 5.b3 e6 6.Bb2 Nbd7 7.d3 h6 8.Nbd2 Bc5
9.e4 dxe4 10.dxe4 Bh7 11.Qe2 O-O 12.e5 Nd5 13.Ne4 Be7 14.c4 N5b6 15.Nd6 Qc7
16.Ba3 Nc8 17.Rad1 Rd8 18.c5 Rb8 19.b4 Bf8 20.Nd4 Ne7 21.Bh3 Nf5 22.N4xf5 Bxf5
23.Nxf5 exf5 24.e6 Nf6 25.Bxf5 Re8 26.Bb2 fxe6 27.Bxe6+ Kh8 28.Be5  1-0

[Event "Aeroflot Open B"]
[Site "Moscow RUS"]
[Date "2005.02.19"]
[Round "5"]
[White "Ibrahimov,R"]
[Black "Kharitonov,Alexa"]
[Result "0-1"]
[WhiteElo "2501"]
[BlackElo "2472"]

1.Nf3 d5 2.g3 Nf6 3.Bg2 c6 4.O-O Bg4 5.d3 Nbd7 6.c4 e6 7.cxd5 cxd5 8.Qb3 Nc5
9.Qb5+ Nfd7 10.Bg5 f6 11.Be3 Rb8 12.Qb4 Bxf3 13.exf3 Nxd3 14.Qd2 N3e5 15.Bxa7 Ra8
16.Bd4 Nc6 17.Re1 e5 18.f4 Be7 19.fxe5 fxe5 20.Bc3 d4 21.Bxc6 bxc6 22.Bb4 c5
23.Ba3 O-O 24.Qc2 Bg5 25.Bxc5 Rf7 26.Na3 Rc8 27.b4 Nxc5 28.bxc5 d3 29.Qb3 d2
30.Re2 Rxc5 31.Rd1 Rc1 32.Nb1 Qb6  0-1

[Event "Aeroflot Open B"]
[Site "Moscow RUS"]
[Date "2005.02.19"]
[Round "5"]
[White "Maletin,P"]
[Black "Sambuev,B"]
[Result "0-1"]
[WhiteElo "2468"]
[BlackElo "2536"]

1.Nf3 d5 2.g3 c6 3.Bg2 Bg4 4.c4 e6 5.O-O Nf6 6.d3 Bd6 7.cxd5 cxd5 8.Qb3 Qd7
9.Bg5 Nc6 10.Nc3 Bxf3 11.exf3 Be7 12.Ne2 O-O 13.Be3 Rfc8 14.h3 a5 15.a4 Nb4
16.Nd4 Bc5 17.Rac1 e5 18.Nb5 Bxe3 19.fxe3 h5 20.d4 Qe7 21.Rc3 exd4 22.Nxd4 Rc4
23.Rfc1 Nd3 24.Rxc4 dxc4 25.Rxc4 Qxe3+ 26.Kh2 h4 27.Nf5 hxg3+ 28.Nxg3 Rd8
29.Rc7 Nd5 30.Rxb7 Qd2 31.Ne4 Qf4+ 32.Kg1 Ne3 33.Qc3 Ne5  0-1

[Event "VIII Malaga Open"]
[Site "Campillos ESP"]
[Date "2005.02.20"]
[Round "3"]
[White "Javakhishvili,L"]
[Black "Baron Rodriguez,Je"]
[Result "1/2-1/2"]
[WhiteElo "2456"]
[BlackElo "2422"]

1.Nf3 d5 2.g3 c6 3.Bg2 Bg4 4.O-O Nd7 5.d3 e6 6.c4 Bd6 7.cxd5 exd5 8.Qc2 Ne7
9.e4 O-O 10.Nc3 Rc8 11.exd5 cxd5 12.Nd4 Qb6 13.Be3 Bc5 14.Qa4 Ne5 15.Nc2 Qxb2
16.Nxd5 Nf3+ 17.Kh1 Nxd5 18.Qxg4 Nxe3 19.Nxe3 Nd2 20.Nc4 Nxc4 21.dxc4 b6  1/2-1/2

[Event "Extraliga CZE 2004-5"]
[Site "Czech Rep CZE"]
[Date "2005.02.20"]
[Round "7"]
[White "Chloupek,S"]
[Black "Jirka,J"]
[Result "1/2-1/2"]
[WhiteElo "2323"]
[BlackElo "2369"]

1.Nf3 d5 2.g3 Nf6 3.Bg2 g6 4.b3 Bg7 5.Bb2 c5 6.O-O O-O 7.e3 Nc6 8.Ne5 Qc7
9.Nxc6 bxc6 10.d3 e5 11.Nd2 Be6 12.c4 d4  1/2-1/2

[Event "76th ch-GER"]
[Site "Altenkirchen GER"]
[Date "2005.02.21"]
[Round "4"]
[White "Schulz,Kar"]
[Black "Ljubarskij,J"]
[Result "1-0"]
[WhiteElo "2310"]
[BlackElo "2348"]

1.Nf3 d5 2.g3 c6 3.Bg2 Bg4 4.d3 Nd7 5.h3 Bh5 6.Nbd2 e5 7.e4 Bd6 8.Qe2 Ne7
9.b3 f6 10.Bb2 d4 11.O-O O-O 12.Qe1 a5 13.a4 Bf7 14.Nh4 Bb4 15.f4 Qc7 16.Qe2 Ng6
17.Nxg6 Bxg6 18.h4 b5 19.Bh3 bxa4 20.Be6+ Kh8 21.f5 Be8 22.bxa4 Nc5 23.Bc4 Rb8
24.Rfb1 Bf7 25.Bxf7 Rxf7 26.Nc4 Qd8 27.Rf1 Rfb7 28.Ra2 Bc3 29.Ba3 Na6 30.Bd6 Ra8
31.g4 c5 32.g5 Rd7 33.Nxe5 fxe5 34.Bxe5 Qe8 35.Bf4 Qf7 36.Ra3 Nb4 37.Qg4 Ra6
38.Rb3 c4 39.Rbb1 Re7 40.e5 g6 41.Bg3 gxf5 42.Rxf5 Qe6 43.Qf3 Qc6 44.Qh5 Qe8
45.Qf3 Ra8 46.Rf1 Nxc2 47.e6 Ne3 48.Be5+ Kg8 49.Rf7 Nxf1 50.Qf6  1-0

[Event "Mayor de Chile"]
[Site "Santiago CHI"]
[Date "2005.02.21"]
[Round "8"]
[White "Guerb,L"]
[Black "Poupar,A"]
[Result "1-0"]
[WhiteElo "2301"]
[BlackElo "2073"]

1.Nf3 d5 2.g3 Nf6 3.Bg2 g6 4.b3 Bg7 5.Bb2 O-O 6.O-O b6 7.c4 Bb7 8.cxd5 Nbd7
9.Qc2 Bxd5 10.Nc3 Bb7 11.d4 Nd5 12.Nxd5 Bxd5 13.e4 Bb7 14.Rad1 Rc8 15.Rfe1 e6
16.Qd2 Qe7 17.b4 Rfd8 18.b5 Ne5 19.Nxe5 Bxe5 20.Qe3 Bg7 21.Qb3 c5 22.bxc6 Bxc6
23.d5 Bxb2 24.Qxb2 Ba4 25.Rc1 exd5 26.exd5 Qd6 27.h4 h5 28.Qe2 Bd7 29.Qa6 Ra8
30.Qb7 Kf8 31.Re3 a5 32.Rec3 Rab8 33.Qa6 Ra8 34.Qb7 Rab8 35.Qa7 Be8 36.Qa6 Bd7
37.Rc7 Ra8 38.Qc4 Rab8 39.Qd4 Kg8 40.Qe3 Rbc8 41.Rxc8 Rxc8 42.Rxc8+ Bxc8
43.Qe8+ Qf8 44.Qc6 Qd8 45.Qa8 Qd7 46.Qb8  1-0

[Event "76th ch-GER"]
[Site "Altenkirchen GER"]
[Date "2005.02.22"]
[Round "5"]
[White "Prusikin,M"]
[Black "Meins,G"]
[Result "1-0"]
[WhiteElo "2540"]
[BlackElo "2440"]

1.Nf3 d5 2.g3 Bg4 3.Bg2 c6 4.O-O Nd7 5.d3 Ngf6 6.Qe1 e5 7.h3 Bxf3 8.Bxf3 Bc5
9.Nd2 O-O 10.e4 dxe4 11.dxe4 a5 12.a4 Qe7 13.Bg2 h5 14.Nf3 Rfe8 15.Qe2 Nf8
16.Bg5 Ne6 17.Bh4 g6 18.Qc4 Kg7 19.Rad1 Qc7 20.Ng5 Qb6 21.Rd3 Nxg5 22.Bxg5 Nh7
23.Bc1 Rad8 24.Rb3 Qa7 25.Qe2 Rd7 26.Kh1 Qb8 27.f4 exf4 28.gxf4 Qd8 29.Qc4 Bb4
30.Be3 Kg8 31.Bg1 Nf6 32.e5 Nd5 33.Rd3 Qh4 34.Bf2 Qd8 35.Rfd1 Qc7 36.c3 Bf8
37.Bxd5 cxd5 38.Qxc7 Rxc7 39.Rxd5 Rc4 40.R1d4 Rc5 41.Rd8 Rc8 42.Rxc8 Rxc8
43.Kg2 Be7 44.Rd7 Bc5 45.Bh4 b6 46.Rd8+ Rxd8 47.Bxd8 Kf8 48.Bh4 Be3 49.Kf3 Bc1
50.b3 Bb2 51.c4 Bd4 52.Ke4 Bc5 53.f5 Ke8 54.e6 Bg1 55.Bf6 Bc5 56.fxg6 fxg6
57.Kf4  1-0

[Event "Mayor de Chile"]
[Site "Santiago CHI"]
[Date "2005.02.22"]
[Round "9"]
[White "Flores,Mau"]
[Black "Magas,R"]
[Result "1-0"]
[WhiteElo "2067"]
[BlackElo "2136"]

1.Nf3 d5 2.g3 c5 3.Bg2 Nc6 4.O-O Nf6 5.d3 e6 6.Nbd2 Be7 7.e4 O-O 8.Re1 dxe4
9.dxe4 e5 10.c3 Bg4 11.Qe2 Nd7 12.Nc4 b5 13.Ne3 Bxf3 14.Bxf3 c4 15.Rd1 Qe8
16.Nd5 Nc5 17.Nc7 Qb8 18.Nxa8 Qxa8 19.Be3 Nd3 20.Qc2 Qc8 21.Be2 f5 22.Bxd3 cxd3
23.Qb3+ Kh8 24.exf5 e4 25.Qd5 Rxf5 26.Qxe4 Ne5 27.f4 Ng6 28.Rxd3 Rh5 29.Rad1 Qg4
30.Bxa7 Rf5 31.Qf3  1-0

[Event "Aeroflot Open B"]
[Site "Moscow RUS"]
[Date "2005.02.23"]
[Round "9"]
[White "Sepp,O"]
[Black "Savchenko,S"]
[Result "1/2-1/2"]
[WhiteElo "2451"]
[BlackElo "2505"]

1.Nf3 d5 2.g3 Bg4 3.Bg2 Nd7 4.d3 e6 5.Nbd2 Bd6 6.e4 Ne7 7.h3 Bh5 8.Qe2 c6
9.O-O O-O 10.Re1 Qb6 11.d4 c5 12.exd5 exd5 13.dxc5 Nxc5 14.Nb3 Nxb3 15.axb3 Nc6
16.g4 Bg6 17.Be3 d4 18.Nxd4 Nxd4 19.Qd1 Bc5 20.b4 Qxb4 21.c3 Qxb2 22.cxd4 Rad8
23.Qe2 Qxe2 24.Rxe2 Bxd4 25.Bxd4 Rxd4 26.Bxb7 h5 27.gxh5 Bxh5 28.Rea2  1/2-1/2

[Event "Aeroflot Open B"]
[Site "Moscow RUS"]
[Date "2005.02.23"]
[Round "9"]
[White "Maletin,P"]
[Black "Grachev,B"]
[Result "1/2-1/2"]
[WhiteElo "2468"]
[BlackElo "2512"]

1.Nf3 d5 2.g3 Nf6 3.Bg2 c6 4.O-O Bf5 5.d3 h6 6.c4 e6 7.Be3 dxc4 8.dxc4 Qxd1
9.Rxd1 Nbd7 10.Nc3 Ng4 11.Bd2 Nge5 12.Nxe5 Nxe5 13.b3 Ba3 14.Bf4 f6 15.Ne4 Ke7
16.Be3 Bxe4 17.Bxe4 Ng4 18.Bd4 Rhd8 19.e3 Rd7 20.h3 Ne5 21.Kf1 a5 22.Ke2 a4
23.g4 c5 24.Bxe5 fxe5 25.Rxd7+ Kxd7 26.Bxb7 Ra7 27.Be4 Ke7 28.Rb1 axb3 29.Rxb3 Bb4
30.Rb2 g5 31.Bc2 Bc3 32.Rb3 Bb4 33.Bb1 Ra4 34.Rb2 Ra3 35.Be4 Rc3 36.Rc2 Ra3
37.Kf3 Kf6 38.Kg3 Be1 39.Re2 Bb4 40.h4 Ke7 41.h5 Kf6 42.Kf3 Ke7 43.Rc2 Kf6
44.Bg6 Ke7 45.Ke2 Ra8 46.Be4 Ra6 47.Rb2 Kf6 48.Rc2 Ke7 49.Kf3 Ra7 50.Bc6 Ra6
51.Be4 Ra7 52.Bg6 Ra3 53.Ke4 Kf6  1/2-1/2

[Event "12th Metalis Open"]
[Site "Bizovac CRO"]
[Date "2005.02.24"]
[Round "1"]
[White "Vukic,M"]
[Black "Vukelic,Z"]
[Result "1-0"]
[WhiteElo "2450"]
[BlackElo "2063"]

1.Nf3 d5 2.g3 Nf6 3.Bg2 g6 4.O-O Bg7 5.c4 c6 6.cxd5 cxd5 7.d4 Nc6 8.Nc3 O-O
9.Ne5 e6 10.Bg5 Qa5 11.Nxc6 bxc6 12.Qd2 Qa6 13.Rac1 Bd7 14.b3 Rfc8 15.Na4 Be8
16.Rc2 Nd7 17.e4 Bf8 18.Rd1 Qb5 19.h4 h5 20.Bf3 f5 21.exf5 exf5 22.Bh6 Qb4
23.Qc1 Bxh6 24.Qxh6 Qf8 25.Qg5 Qg7 26.Re2 Nf6 27.Nc5 Ne4 28.Bxe4 fxe4 29.f3 exf3
30.Re7 Qh8 31.Qf4 g5 32.Qxg5+ Kf8 33.Ne6+  1-0

[Event "Mayor de Chile"]
[Site "Santiago CHI"]
[Date "2005.02.24"]
[Round "11"]
[White "Flores,Mau"]
[Black "Avalos,J"]
[Result "1/2-1/2"]
[WhiteElo "2067"]
[BlackElo "2252"]

1.Nf3 d5 2.g3 Bg4 3.Bg2 Nd7 4.O-O c6 5.d3 e5 6.e4 dxe4 7.dxe4 Ngf6 8.Qe2 Bc5
9.Nbd2 O-O 10.a4 Re8 11.a5 Qc7 12.c3 b5 13.axb6 axb6 14.Rxa8 Rxa8 15.b4 Bf8
16.h3 Bh5 17.Qd3 b5 18.Nh4 c5  1/2-1/2

[Event "12th Metalis Open"]
[Site "Bizovac CRO"]
[Date "2005.02.25"]
[Round "3"]
[White "Arsovic,Z"]
[Black "Matko,O"]
[Result "1-0"]
[WhiteElo "2455"]
[BlackElo "2119"]

1.Nf3 d5 2.g3 Nf6 3.Bg2 c6 4.c4 e6 5.Qc2 Be7 6.O-O O-O 7.d4 Nbd7 8.b3 b6
9.Rd1 Bb7 10.Nc3 Rc8 11.e4 Nxe4 12.Nxe4 dxe4 13.Qxe4 Nf6 14.Qe2 Qc7 15.Bf4 Bd6
16.Bxd6 Qxd6 17.Ne5 Rfd8 18.Rd3 Qe7 19.Rad1 h5 20.f4 Rd6 21.Bf3 g6 22.Qg2 Qc7
23.b4 Rb8 24.c5 bxc5 25.bxc5 Rd5 26.Bxd5 Nxd5 27.Rb3 Ba6 28.Qb2 Rxb3 29.Qxb3 f6
30.Nxg6 Kg7 31.Nh4 Qa5 32.Qc2 f5 33.Qd2 Nc3 34.Re1 Qb4 35.Rxe6 Bc4 36.Re7+ Kf6
37.Qe1 Be2 38.Rxe2  1-0

[Event "12th Metalis Open"]
[Site "Bizovac CRO"]
[Date "2005.02.25"]
[Round "3"]
[White "Tarakcija,H"]
[Black "Zovko,Mari"]
[Result "1-0"]
[WhiteElo "2252"]
[BlackElo "2058"]

1.Nf3 d5 2.g3 e6 3.Bg2 c5 4.O-O Nf6 5.d4 Nc6 6.c4 Be7 7.cxd5 exd5 8.Nc3 O-O
9.dxc5 Bxc5 10.Bg5 d4 11.Bxf6 Qxf6 12.Nd5 Qd8 13.Nd2 Re8 14.Rc1 Bb6 15.Nc4 Be6
16.Nf4 Qd7 17.Nxb6 axb6 18.a3 Ne5 19.Nxe6 Rxe6 20.Bh3 Qd5 21.Bxe6 fxe6 22.f4 Ng4
23.Rf3 Ne3 24.Rxe3 dxe3 25.Qxd5 exd5 26.Kg2 Ra4 27.Kf3 d4 28.Rc7  1-0

[Event "12th Metalis Open"]
[Site "Bizovac CRO"]
[Date "2005.02.25"]
[Round "3"]
[White "Vukic,M"]
[Black "Nestorovic,V"]
[Result "1-0"]
[WhiteElo "2450"]
[BlackElo "2208"]

1.Nf3 d5 2.g3 c5 3.Bg2 Nc6 4.c4 d4 5.d3 e5 6.O-O Be7 7.e3 Nf6 8.exd4 exd4
9.Bf4 O-O 10.Ne5 Nxe5 11.Bxe5 Ng4 12.Re1 Bf6 13.Bf4 g5 14.Bc1 h6 15.Nd2 Bg7
16.Nf3 Qd6 17.h3 Ne5 18.Nxe5 Bxe5 19.Qf3 Bg7 20.Bd2 Qg6 21.b4 Bf5 22.Bf1 b6
23.g4 Bd7 24.Bg2 Rac8 25.b5 Rc7 26.Qg3 Rcc8 27.Re7 Rcd8 28.Rae1 Bf6 29.R7e2 Bg7
30.f4 gxf4 31.Bxf4 Bf6 32.Be4 Qg7 33.Bc6 Qg6 34.Bc7 Bxc6 35.Bxd8 Bxd8 36.bxc6 Qxc6
37.Rf1 Bg5 38.Qf3 Qd6 39.Kg2 Qd7 40.Re5 Qa4 41.Rf5 Qe8 42.Qd5 Bh4 43.Qf3 Qe7
44.Rf4 Qd7 45.Kh1 Bg5 46.Rf5 Qe7 47.Qd5 Bh4 48.Re5 Qc7 49.Rf3 Rd8 50.Qe4 Qc8
51.Qf4 Qb7 52.Kg2 Qc6 53.Qxf7+  1-0

[Event "3rd Breizh Masters"]
[Site "Guingamp FRA"]
[Date "2005.02.25"]
[Round "8"]
[White "Foisor,C"]
[Black "Mullon,J"]
[Result "1/2-1/2"]
[WhiteElo "2411"]
[BlackElo "2327"]

1.Nf3 d5 2.g3 Nf6 3.Bg2 c6 4.d3 Bg4 5.Nbd2 Nbd7 6.h3 Bh5 7.O-O e6 8.Qe1 Be7
9.e4 dxe4 10.dxe4 e5 11.Nc4 Qc7 12.Nh4 Bg6 13.Nf5 Bxf5 14.exf5 O-O 15.a4 Rfe8
16.b3 Rad8 17.Bb2 e4 18.Rd1 Bc5 19.Ne3 a5 20.Qe2 Ne5 21.Rxd8 Rxd8 22.Rd1 Re8
23.Kf1 h6 24.Bd4 Bxd4 25.Rxd4 Qb6 26.Rd1 Qc5 27.Qd2 Nf3 28.Qd6 Qc3 29.Bxf3 exf3
30.Qd4 Nd5 31.Qxc3 Nxc3 32.Rd3 Ne4 33.Nc4 b5 34.Nxa5 bxa4 35.bxa4 Ra8 36.Nb3 c5
37.Rxf3 c4 38.Rf4 cxb3 39.Rxe4 bxc2 40.Rc4 Rxa4 41.Rxc2 Ra5 42.g4 h5 43.Rc8+ Kh7
44.Rf8 hxg4 45.hxg4 f6 46.Kg2 Rb5 47.Kg3 Ra5 48.Rc8 Ra4 49.Rc1 Rb4 50.Rc5 Ra4
51.f3 Rb4 52.Rc7 Rb1 53.Rc4 Ra1 54.Kf4 Rg1 55.Rc2 Ra1 56.Re2 Rg1 57.Re8 Rg2
58.Re1 Kg8 59.Ke4 Ra2 60.Rg1 Ra4+ 61.Ke3 Ra3+ 62.Kf4 Ra4+ 63.Kg3 Ra3 64.Rc1 Kh7
65.Rc7 Ra1 66.Rb7 Rc1 67.Rb2 Ra1 68.f4 Ra3+ 69.Kh4 Rf3 70.Rb4 Rf1 71.Kg3 Rg1+
72.Kf3 Rf1+ 73.Kg2 Ra1 74.Rb3 Ra2+ 75.Kg3 Ra5 76.Kf3 Rc5 77.Rd3 Ra5 78.Ke4 Ra4+
79.Rd4 Ra1 80.g5 fxg5 81.fxg5 Re1+ 82.Kf4 Rf1+ 83.Ke5 Re1+ 84.Re4 Ra1 85.Ke6 Kg8
86.Rb4 Re1+ 87.Kd5 Rd1+ 88.Ke5 Re1+ 89.Kf4 Rf1+ 90.Kg4 g6 91.f6 Rg1+ 92.Kf4 Rf1+
93.Ke5 Re1+ 94.Kd5 Rd1+ 95.Rd4 Rg1 96.Ke6 Re1+ 97.Kd6 Kf7 98.Rd5 Rg1 99.Re5 Rd1+
100.Kc5 Rc1+ 101.Kd4 Rg1 102.Ke4 Kf8 103.Ra5 Rg4+ 104.Kf3 Rg1 105.Kf4 Rf1+
106.Ke4 Rg1 107.Re5 Kf7 108.Kd5 Rd1+  1/2-1/2

[Event "XI Anibal Open"]
[Site "Linares ESP"]
[Date "2005.02.27"]
[Round "3"]
[White "Bertona,F"]
[Black "Salgado Lopez,I"]
[Result "1/2-1/2"]
[WhiteElo "2437"]
[BlackElo "2278"]

1.Nf3 d5 2.g3 Bg4 3.Bg2 Nd7 4.c4 e6 5.O-O Bxf3 6.Bxf3 Ne5 7.Qb3 Nxf3+ 8.Qxf3 c6
9.cxd5 cxd5 10.Qb3 Qd7 11.d3 Nf6 12.Bf4 Rc8 13.Nd2 Bc5 14.Be5 O-O 15.Bxf6 gxf6
16.Rac1 Rc7 17.Rc2 Rfc8 18.Rfc1 Bb6 19.e3 Rc6 20.Kf1 R8c7 21.Ke2 Qc8 22.Rxc6 bxc6
23.Qa4 e5 24.Qh4 Kg7 25.Qa4 c5 26.Kf1 f5 27.e4 c4 28.exd5 cxd3 29.Rxc7 Qxc7
30.Qc4 e4 31.Qxc7 Bxc7 32.Nc4 Kf6 33.b4 f4 34.d6 Bb8 35.gxf4 Ke6 36.f3 e3
37.f5+ Kxf5 38.d7 e2+ 39.Kf2 Bxh2 40.d8=Q Bg3+ 41.Kxg3 e1=Q+  1/2-1/2

[Event "31st ch-BAN"]
[Site "Dhaka BAN"]
[Date "2005.02.28"]
[Round "4"]
[White "Rahman,Zia"]
[Black "Reefat,S"]
[Result "1-0"]
[WhiteElo "2523"]
[BlackElo "2462"]

1.Nf3 d5 2.g3 Bg4 3.Bg2 Nd7 4.O-O c6 5.d3 e5 6.e4 dxe4 7.dxe4 Ngf6 8.h3 Bh5
9.Qe1 Bc5 10.b4 Be7 11.Nh4 Bg6 12.Na3 a5 13.b5 cxb5 14.Nxb5 O-O 15.Nf5 Bxf5
16.exf5 Qc8 17.Qe2 Re8 18.g4 h6 19.a4 Bc5 20.Rd1 Ra6 21.Ba3 e4 22.Bxc5 Qxc5
23.Ra3 Nd5 24.c4 N5f6 25.Re3 Rc6 26.Bxe4 Rxe4 27.Rxe4 Nxe4 28.Qxe4 Nf6 29.Rd8+ Kh7
30.Qf4 Qe7 31.Rd4 Nd7 32.Kg2 Ne5 33.Qe4  1-0

[Event "XI Anibal Open"]
[Site "Linares ESP"]
[Date "2005.03.01"]
[Round "5"]
[White "Burmakin,V"]
[Black "Dziuba,M"]
[Result "1/2-1/2"]
[WhiteElo "2554"]
[BlackElo "2416"]

1.Nf3 d5 2.g3 c6 3.Bg2 Bg4 4.O-O Nd7 5.d4 e6 6.Nbd2 Ngf6 7.Re1 Be7 8.e4 O-O
9.c3 Bh5 10.Qb3 Qb6 11.e5 Ne8 12.c4 Nc7 13.Qa4 a5 14.cxd5 exd5 15.Nf1 Ne6
16.Be3 Qb4 17.Qxb4 axb4 18.N3d2 f5 19.exf6 Bxf6 20.Nb3 Nb6 21.h4 Nc4 22.Bh3 Bf7
23.Bxe6 Bxe6 24.Nc5 Bc8 25.b3 Na3 26.Re2 Nb5 27.Rd2 Nc3 28.Nd3 Be7 29.Bf4 Bf5
30.Re1 Rfe8 31.Nc1 Bb1 32.Rb2 Bf6 33.Be5 c5 34.f4 cxd4 35.Rd2 Bd8 36.Nd3 Bxa2
37.Rb2 Ra3 38.Nd2 Bb6 39.Nxb4 Rea8 40.Kf1 Ne4  1/2-1/2

[Event "XI Anibal Open"]
[Site "Linares ESP"]
[Date "2005.03.03"]
[Round "8"]
[White "Karim,I"]
[Black "Kokolias,K"]
[Result "1-0"]
[WhiteElo "2249"]
[BlackElo "2137"]

1.Nf3 d5 2.g3 c6 3.Bg2 Bg4 4.O-O Nd7 5.d3 Ngf6 6.Nbd2 e5 7.e4 a5 8.exd5 cxd5
9.Qe1 Bd6 10.Nxe5 Nxe5 11.d4 Qe7 12.dxe5 Bxe5 13.h3 Bf5 14.Nf3 Bd6 15.Nd4 Be4
16.f3 Bc5 17.Be3 Bg6 18.Qf2 Rc8 19.c3 O-O 20.Rfe1 Qd7 21.Rad1 h6 22.Bf1 Rfd8
23.g4 Ba7 24.Bf4 Re8 25.Kg2 Rxe1 26.Rxe1 Re8 27.Rd1 Qa4 28.b3 Qd7 29.Qd2 Rc8
30.Re1 Kf8 31.Bb5 Qd8 32.Qe3 Bb8 33.Bxb8 Rxb8 34.h4 Rc8 35.Qe5 Kg8 36.h5 Bh7
37.Re3 Bb1 38.a4 Qc7 39.Qxc7 Rxc7 40.b4 axb4 41.cxb4 Kf8 42.a5 Ba2 43.a6 bxa6
44.Bxa6 Bc4 45.b5 Nd7 46.Nf5 Nb6 47.Nd6 Re7 48.Kf2 Rxe3 49.Kxe3 Ke7 50.Nf5+ Kf6
51.Nd6 Bf1 52.Kd4 Be2 53.Ke3 Bf1 54.Ne8+ Ke5 55.f4+ Ke6 56.Nxg7+ Kf6 57.Nf5 Na8
58.Nxh6 Nc7 59.g5+ Kg7 60.Nf5+ Kg8 61.Nd6 Kg7 62.Kd4 Be2 63.Nf5+ Kh7 64.Ng3 Ne6+
65.Ke5 Bc4 66.Nf5  1-0

[Event "3rd It"]
[Site "Badalona ESP"]
[Date "2005.03.04"]
[Round "4"]
[White "Belezky,S"]
[Black "Granados Gomez,M"]
[Result "0-1"]
[WhiteElo "2399"]
[BlackElo "2414"]

1.Nf3 d5 2.g3 c6 3.Bg2 Bg4 4.b3 Nd7 5.Bb2 e6 6.d3 Ngf6 7.O-O Bc5 8.Nbd2 O-O
9.c4 Re8 10.Qc2 Bf8 11.Rfe1 e5 12.e3 h6 13.a3 a5 14.Rac1 e4 15.dxe4 dxe4
16.Nd4 Nc5 17.Ra1 Nd3 18.Reb1 Nxb2 19.Rxb2 Qe7 20.h3 Bh5 21.Qb1 c5 22.Nb5 Qe5
23.Qc2 g5 24.Nc3 Bg6 25.Rd1 Rad8 26.Ndb1 h5 27.Qe2 h4 28.g4 Rd3 29.Rc2 Bd6
30.Rcc1 Bb8 31.Kf1 Red8 32.Rxd3 exd3 33.Qd2 b6 34.Rd1 Ne4 35.Nxe4 Bxe4 36.f3 Bc6
37.a4 Qf6 38.Kg1 Be5 39.Qf2 Bc7 40.Qd2 Kg7 41.Nc3 Be5 42.Nd5 Bxd5 43.Qxd3 Bxf3
44.Qxd8 Bxd1 45.Qxd1 Bg3 46.Qd2 Qa1+ 47.Bf1 Be5 48.Qd8 Bf6 49.Qd2 Qb1 50.Qd3 Qb2
51.Be2 Be5 52.Kf1 Bg3 53.Kg2 Be5 54.Kf1 Bf6 55.Kg1 Qe5 56.Bf1 Qg3+ 57.Bg2 Bd4
58.Qe2 Bxe3+ 59.Kf1 Qf4+ 60.Bf3 Bd4 61.Qe4 Qg3 62.Ke2 Qxh3 63.Qf5 Bf6 64.Bd5 Qh2+  0-1

[Event "ch-RUS u20g"]
[Site "Nojabrsk RUS"]
[Date "2005.03.05"]
[Round "4"]
[White "Fominykh,M"]
[Black "Dzhabrailova,I"]
[Result "1-0"]
[WhiteElo "2282"]
[BlackElo "2176"]

1.Nf3 d5 2.g3 c5 3.Bg2 Nc6 4.d4 Nf6 5.O-O Bg4 6.Ne5 cxd4 7.Nxg4 Nxg4 8.e3 Nf6
9.exd4 e6 10.c3 Be7 11.f4 O-O 12.f5 exf5 13.Rxf5 Qd7 14.Rf1 h6 15.Nd2 b5
16.a3 a5 17.Nf3 Ne4 18.Be3 b4 19.axb4 axb4 20.Rxa8 Rxa8 21.c4 f5 22.Ne5 Nxe5
23.dxe5 Rd8 24.cxd5 Qxd5 25.Qxd5+ Rxd5 26.Rxf5 Rd1+ 27.Rf1 Rxf1+ 28.Kxf1 Bc5
29.Ke2 Bxe3 30.Kxe3 Nc5 31.Kd4 Na4 32.b3  1-0

[Event "Acropolis Women's GM Open"]
[Site "Athens GRE"]
[Date "2005.03.06"]
[Round "1"]
[White "Makropoulou,M"]
[Black "Kotronia,A"]
[Result "1-0"]
[WhiteElo "2237"]
[BlackElo "1774"]

1.Nf3 d5 2.g3 Nf6 3.Bg2 c6 4.O-O Nbd7 5.d4 e6 6.b3 Bd6 7.Bb2 O-O 8.c4 Qc7
9.Nc3 Re8 10.Rc1 Qa5 11.a3 e5 12.b4 Qd8 13.cxd5 Nxd5 14.Nxd5 cxd5 15.dxe5 Nxe5
16.Qxd5 Nc6 17.Rfd1 Be7 18.Qh5 Qb6 19.Ng5 Bxg5 20.Qxg5 g6 21.Qf6  1-0